Vista normal Vista MARC

Entrada Materia (tema)

Número de registros utilizados en: 1

001 - CONTROL NUMBER

  • control field: 61394

003 - CONTROL NUMBER IDENTIFIER

  • control field: Co-BoUCM

005 - DATE AND TIME OF LATEST TRANSACTION

  • control field: 20140520153003.0

008 - FIXED-LENGTH DATA ELEMENTS

  • fixed length control field: 140520|| aca||aabn | a|a d

040 ## - CATALOGING SOURCE

  • Original cataloging agency: Co-BoUCM
  • Transcribing agency: Co-BoUCM

150 ## - HEADING--TOPICAL TERM

  • Topical term or geographic name as entry element: Iglesia católica
  • General subdivision: Virtudes

670 ## - SOURCE DATA FOUND

  • Source citation: Work cat.: (Co-BoUCM)0: Suárez, Francisco, 1548-1617 61393, Operis de religione Tomus secundus Complectens Tractatus IV. De oratione, devotione et Horis Canonicis. V. De iuramento et adiuratione. VI. De voto., 1630